Guess the Fusion Rock Song Lyrics #351 - Statistics

General Stats
  • This quiz has been taken 11 times
  • The average score is 145 of 221
Answer Stats
Answer % Correct
a
100%
A
100%
And
100%
I
100%
the
100%
it
90%
my
90%
So
90%
to
90%
you
90%
don't
80%
For
80%
for
80%
It's
80%
love
80%
all
70%
at
70%
just
70%
make
70%
me
70%
that
70%
wrong
70%
About
60%
baby
60%
done
60%
feel
60%
got
60%
miss
60%
out
60%
right
60%
sad
60%
Somebody
60%
somebody
60%
song
60%
that's
60%
want
60%
won't
60%
Won't
60%
another
50%
Another
50%
Hey
50%
home
50%
play
50%
While
50%
while
50%
BJ Thomas
40%
Cause
40%
cry
40%
feeling
40%
gone
40%
makes
40%
real
40%
alone
30%
lonely
30%
melody
30%
new
30%
tonight
30%
brand
20%
everybody
20%
hurting
10%
No matching quizzes found
Score Distribution
Percent of People with Each Score
Percentile by Number Answered
Your Score History
You have not taken this quiz